000 00325nam a22001457a 4500
003 SGT
020 _a9789327257540
082 _bDAS
100 _aDAS, DILIP KUMAR
245 _aINTRODUCTORY SOIL SCIENCE
260 _aNEW DELHI
_bKALYANI PUBLICATION
_c2017
300 _a879
650 _aAGRICULTURE
942 _2ddc
_cBK
_054
999 _c13800
_d13800